1512 1700 1489 1036 1457 1078 1389 1002 1758 1921 1602 1643 1447 1263 1170 1904 1959 1832 1216 1327 1400 1479 1754 1609 1522 1063 1442 1411 1451 1016 1540 1304 1524 1948 1004 1413 1681 1193 1374 1946 1331 1020 1716 1663 1105 1789 1601 1145 1228 1865 1368 1637 1170 1483 1633 1440 1438 1737 1892 1321 1079 1644 1201 1805 1883 1662 1948 1299 1128 1661 1210 1724 1561 1803 1861 1450 1233 1621 1883 1864 1095 1014 1824 1159 1095 1713 1921 1956 1898 1935 1883 1700 1477 1549 1747 1124 1938 1885 1452 BCNSPRNW ULIB Ver.6.0+V

เปลี่ยนเป็นภาษาไทย

Change to English
 แสดงรายละเอียดบรรณานุกรม
  กลับหน้าหลัก

Brief Record : Get Marc (ISO 2709) : E-mail record : QR code < ปิดหน้าต่าง
LEADER : 00000nam 2200000uu 4500
001    13399112254
003     ULIB
008    110209s2537||||th 000 0 tha d
060 04 WQ305^bพ664ข 2537
100 0  พิชัย เจริญพานิช
245 00 ขบวนการคลอด สรีรภาพ ปัญหา และแนวทางแก้ไข /^cพิชัย เจริญพานิช
250    พิมพ์ครั้งที่ 1
260    กรุงเทพฯ :^bเซ็นจูรี่,^c2537
300    [13], 661 หน้า :^bภาพประกอบ ;^c26 ซม.
650  7 การคลอด
650  7 Paracrine system
650  7 Parturition physiology and problems
945    ^p0^l0^i003245
945    ^p0^l0^i003246
945    ^p0^l0^i003247
945    ^p0^l0^i003248
945    ^p0^l0^i003249
945    ^p0^l0^i003250
945    ^p0^l0^i004409
945    ^p0^l0^i004410
945    ^p0^l0^i004411
945    ^p0^l0^i006621
945    ^p0^l0^i006622
945    ^p0^l0^i006623
945    ^p0^l0^i006624
945    ^p0^l0^i006625
995    ทศพร
999 ^a ใช้งานได้ทุกระบบ
รายการนี้ยังไม่มีแท็ก
คุณยังไม่ได้ล็อกอิน คุณสามารถมีกิจกรรมร่วมกับเว็บไซต์ได้ แต่ต้องล็อกอินก่อน ::
  ล็อกอิน

รายการสื่อสารสนเทศ

ลำดับที่ ประเภท เลขเรียก/บาร์โค้ด สถานที่ สถานะ
- ไม่พบข้อมูล -

รายการใกล้เคียง
    หัวเรื่อง [การคลอด]

BibComment


ยังไม่เคยถูกคอมเมนท์

คอมเมนท์ทรัพยากรรายการนี้
  คอมเมนท์: ขบวนการคลอด สรีรภ..


 Copyright 2026. Bcnsprnw @Library